Piense en grande, actue en pequeño (Registro nro. 2779)

Detalles MARC
000 -Cabecera
Campo de control de longitud fija 00896aam a2200325 4500
005 - Fecha y hora de la última transacción
Campo de control 20250811090609.0
008 - Elementos de longitud fija--Información general
Campo de control de longitud fija 150610b2006 xxu||||| |||| 00| 0 spa d
020 ## - International Standard Book Number
Número Internacional Estándar del Libro (ISBN) 9580494843
041 ## - Idioma
Código de idioma Español
082 ## - Clasificación Decimal Dewey
Número de clasificación 658.409.2 J54p
100 ## - Entrada principal--Autor personal
Nombre personal Jennings, Jason
9 (RLIN) 24135
245 ## - Título propiamente dicho
Título Piense en grande, actue en pequeño
260 ## - Pie de imprenta
Lugar de publicación, distribución, etc. Costa Rica
260 ## - Pie de imprenta
Nombre del editor, distribuidor, etc. Norma
260 ## - Pie de imprenta
Fecha de publicación, distribución, etc. 2006
300 ## - Descripción física
Extensión 311 páginas
490 ## - Serie
Título de la Serie Dirección y Administración de Empresas
650 ## - Materia general
Temática (materia general) LIDERAZGO EJECUTIVO
650 ## - Materia general
Temática (materia general) EMPRENDEDORES
650 ## - Materia general
Temática (materia general) ÉXITO EN LOS NEGOCIOS
650 ## - Materia general
Temática (materia general) APTITUD DE MANDO
650 ## - Materia general
Temática (materia general) CULTURA CORPORATIVA
650 ## - Materia general
Temática (materia general) CULTURA ORGANIZACIONAL
650 ## - Materia general
Temática (materia general) DESARROLLO EMPRESARIAL
650 ## - Materia general
Temática (materia general) LIDERAZGO EMPRESARIAL
650 ## - Materia general
Temática (materia general) GESTIÓN DE NEGOCIOS
650 ## - Materia general
Temática (materia general) INNOVACIÓN EMPRESARIAL
650 ## - Materia general
Temática (materia general) ESTRATEGIAS DE CRECIMIENTO
942 ## - Punto de acceso adicional KOHA
Tipo de ítem KOHA Literatura
Fuente del sistema de clasificación o colocación Dewey Decimal Classification
Existencias
Signatura completa Código de barras Programa Académico Tipo de ítem
658.409.2 J54p 16095 Dirección y Administración de Empresas Literatura